The puppet master's revenge / (Record no. 2383)

MARC details
000 -LEADER
fixed length control field 01268cam a2200313 a 4500
005 - DATE AND TIME OF LATEST TRANSACTION
control field 20240126095518.0
020 ## - INTERNATIONAL STANDARD BOOK NUMBER
International Standard Book Number 9781434215604 (lib. bdg.)
020 ## - INTERNATIONAL STANDARD BOOK NUMBER
International Standard Book Number 9780545235099
020 ## - INTERNATIONAL STANDARD BOOK NUMBER
International Standard Book Number 9781434217271 (pbk.)
040 ## - CATALOGING SOURCE
Original cataloging agency DLC
Transcribing agency DLC
Modifying agency DLC
Language of cataloging eng
050 00 - LIBRARY OF CONGRESS CALL NUMBER
Classification number PZ7.L5374
Item number Pu 2010
082 00 - DEWEY DECIMAL CLASSIFICATION NUMBER
Classification number 741.5941
Edition number 22
100 1# - MAIN ENTRY--PERSONAL NAME
Personal name Lemke, Donald B.
245 14 - TITLE STATEMENT
Title The puppet master's revenge /
Statement of responsibility, etc. written by Donald Lemke ; illustrated by Rick Burchett and Lee Loughridge.
260 ## - PUBLICATION, DISTRIBUTION, ETC.
Place of publication, distribution, etc. Minneapolis :
Name of publisher, distributor, etc. Stone Arch Books,
Date of publication, distribution, etc. 2013.
300 ## - PHYSICAL DESCRIPTION
Extent 49 pages :
Other physical details color illustrations
Dimensions 20 cm
490 0# - SERIES STATEMENT
Series statement DC super heroes. Batman
500 ## - GENERAL NOTE
General note "Batman created by Bob Kane."
505 ## - FORMATTED CONTENTS NOTE
Formatted contents note R<br/>
520 ## - SUMMARY, ETC.
Summary, etc. "The evil puppet Scarface and his wiseguys just pulled off one of the biggest heists in Gotham history. But there's a rat among the thieves, and the loose lips are helping Batman crack the case. Has the Ventriloquist betrayed his wooden creation to the Dark Knight"--Unedited summary from book.
521 1# - TARGET AUDIENCE NOTE
Target audience note 670 <br/>
Source Lexile<br/>
521 0# - TARGET AUDIENCE NOTE
Target audience note R<br/>
Source Raz-Plus<br/>
650 #1 - SUBJECT ADDED ENTRY--TOPICAL TERM
Topical term or geographic name entry element Superheroes
Form subdivision Fiction.
700 1# - ADDED ENTRY--PERSONAL NAME
Personal name Burchett, Rick
Relator term illustrator
700 1# - ADDED ENTRY--PERSONAL NAME
Personal name Loughridge, Lee,
Relator term illustrator
906 ## - LOCAL DATA ELEMENT F, LDF (RLIN)
a 7
b cbc
c orignew
d 1
e ecip
f 20
g y-gencatlg
942 ## - ADDED ENTRY ELEMENTS (KOHA)
Source of classification or shelving scheme Dewey Decimal Classification
Koha item type Books
Suppress in OPAC No
999 ## -
-- 2383
-- 2383
Holdings
Withdrawn status Lost status Source of classification or shelving scheme Damaged status Not for loan Collection Home library Current library Shelving location Date acquired Total Checkouts Full call number Barcode Date last seen Price effective from Koha item type
    Dewey Decimal Classification     Juvenile Fiction Footprints International School Library Network Toul Kork Campus Footprints International School Library Network Toul Kork Campus TK Primary Library Room(4th Floor), Bookcase 5&6, Shelves 33-56, Orange Books 11/21/2023   LEM 741.5941 PZ7.L5374 FISTK00564 11/21/2023 11/21/2023 Books